[Event "SUI Ch Open"]
[Site "Lucerne SUI"]
[Date "1994.??.??"]
[Round "?"]
[White "Adianto, Utut"]
[Black "Hickl, Joerg"]
[Result "1-0"]
[WhiteElo "2535"]
[BlackElo "2535"]
[PlyCount "73"]
[EventDate "1994.??.??"]
[Source "www.chesslib.no"]
[SourceDate "2004.05.04"]

1. d4 d6 2. c4 e5 3. Nf3 Nd7 4. Nc3 c6 5. e4 Ngf6 6. Be2 Be7 7. O-O O-O 8. Re1 a6 9. Qc2 b5 10. a3 Bb7 11. Bg5 Re8 12. Rad1 Qc7 13. Bf1 Rac8 14. Qb1 Bf8 15. dxe5 dxe5 16. b4 h6 17. Bh4 Be7 18. c5 Nf8 19. Bg3 Ng6 20. Nd4 Rcd8 21. Nf5 Nh5 22. a4 bxa4 23. Nxa4 Nxg3 24. hxg3 h5 25. Bc4 Bf8 26. Qb3 Nh8 27. Qa2 Rxd1 28. Rxd1 Rd8 29. Rxd8 Qxd8 30. Nb6 g6 31. Nh4 Qd4 32. Nf3 Qxe4 33. Qd2 Bc8 34. Ng5 Qg4 35. f3 Qxg3 36. Ne4 Qh4 37. Nxc8 1-0

[Event "Krasnodar (Russia)"]
[Site "?"]
[Date "2002.??.??"]
[Round "8"]
[White "Zakharstov Viacheslav V"]
[Black "Malaniuk Vladimir P"]
[Result "1/2-1/2"]
[WhiteElo "2515"]
[BlackElo "2550"]
[PlyCount "74"]
[EventDate "2002.??.??"]
[Source "www.chesslib.no"]
[SourceDate "2004.05.04"]

1. d4 Nf6 2. c4 d6 3. Nf3 Nbd7 4. Nc3 c6 5. e4 e5 6. Be2 Be7 7. O-O a6 8. Re1 O-O 9. Bf1 b5 10. a3 Re8 11. Bg5 Bb7 12. b4 exd4 13. Nxd4 h6 14. Bf4 Ne5 15. Nb3 Bc8 16. Na5 Bd7 17. Ra2 Bf8 18. Bg3 Qb6 19. Kh1 Be6 20. Rd2 Nxc4 21. Nxc4 Bxc4 22. Bxc4 bxc4 23. Bxd6 Bxd6 24. Rxd6 Qxf2 25. Qe2 Qxe2 26. Rxe2 Rad8 27. Red2 Rc8 28. R2d4 c5 29. bxc5 Rxc5 30. Rxa6 Rb8 31. Rd1 Rg5 32. Rc6 Rb2 33. Rg1 Ng4 34. h3 Ne3 35. Nd5 Nxg2 36. Rc5 Rg3 37. Nf4 Rf3 1/2-1/2

[Event "It (Open) Sevilla ESP"]
[Site "?"]
[Date "2006.01.12"]
[Round "6.2"]
[White "Matamoros Franco Carlos S"]
[Black "Hickl Joerg"]
[Result "1-0"]
[WhiteElo "2510"]
[BlackElo "2555"]
[PlyCount "63"]
[EventDate "2006.??.??"]
[Source "www.chesslib.no"]
[SourceDate "2004.05.04"]

1. c4 c6 2. g3 e5 3. d4 d6 4. Nc3 Nd7 5. Bg2 Ngf6 6. Nf3 Be7 7. O-O O-O 8. e4 a6 9. a4 a5 10. h3 Re8 11. Be3 exd4 12. Bxd4 Bf8 13. Qc2 g6 14. Rad1 Qc7 15. Rfe1 b6 16. Be3 Ba6 17. b3 b5 18. axb5 cxb5 19. cxb5 Bxb5 20. Nd4 Ba6 21. Qd2 Qb8 22. Bh6 Bxh6 23. Qxh6 Qb4 24. Qd2 Nc5 25. Nf5 Nh5 26. Nxd6 Nxb3 27. Qe3 Re5 28. f4 Re6 29. e5 Rf8 30. Nd5 Qb8 31. g4 Ng7 32. Nf6+ 1-0

[Event "BL2-Sued 9900"]
[Site "Germany"]
[Date "2000.04.09"]
[Round "9.2"]
[White "Ivanov, Mikhail M"]
[Black "Hickl, Joerg"]
[Result "1/2-1/2"]
[WhiteElo "2510"]
[BlackElo "2552"]
[PlyCount "120"]
[EventDate "1999.10.??"]
[Source "ChessBase"]
[SourceDate "2000.05.11"]

1. d4 d6 2. Nf3 Nf6 3. c4 c6 4. Nc3 Nbd7 5. e4 e5 6. Be2 a6 7. O-O Be7 8. Qc2 O-O 9. Rd1 Qe8 10. Rb1 b5 11. b4 exd4 12. Nxd4 Ne5 13. cxb5 axb5 14. a4 bxa4 15. Nxa4 Bd8 16. b5 Nxe4 17. Qxe4 Rxa4 18. Qc2 Ra8 19. bxc6 Qe7 20. Bf4 Qf6 21. Bg3 Bc7 22. Rb7 Bb8 23. Rb3 Bc7 24. Nb5 Bf5 25. Qb2 Rac8 26. Nxc7 Rxc7 27. Rxd6 Qxd6 28. Bxe5 Qe7 29. Bxc7 Qxc7 30. Bf3 Re8 31. Re3 Rxe3 32. fxe3 h5 33. Qb5 g6 34. Bd5 Qe7 35. Qb3 h4 36. Qc3 Qd8 37. Qc5 Qc7 38. e4 Bc8 39. Qf2 h3 40. gxh3 Bxh3 41. Qe3 Bc8 42. Qg3 Qxg3+ 43. hxg3 Kf8 44. e5 Ke7 45. Kf2 f6 46. exf6+ Kxf6 47. Ke3 Ke5 48. Bf7 Kd6 49. Be8 g5 50. Ke4 Bg4 51. Bd7 Bd1 52. Kf5 g4 53. Kg5 Bf3 54. Kf4 Kc7 55. Ke5 Bd1 56. Kd5 Be2 57. Bf5 Bb5 58. Bxg4 Bxc6+ 59. Ke5 Kd8 60. Kf6 Ke8 1/2-1/2

[Event "Manresa Open"]
[Site "Manresa"]
[Date "1995.??.??"]
[Round "8"]
[White "Marin, Mihail"]
[Black "Spraggett, Kevin B"]
[Result "1/2-1/2"]
[WhiteElo "2540"]
[BlackElo "2520"]
[PlyCount "66"]
[EventDate "1995.??.??"]
[Source "www.chesslib.no"]
[SourceDate "2004.05.04"]

1. d4 Nf6 2. Nf3 d6 3. c4 Nbd7 4. Nc3 c6 5. e4 e5 6. Be2 Be7 7. O-O O-O 8. Re1 a6 9. Rb1 Re8 10. Bf1 b5 11. b4 Qc7 12. a4 exd4 13. Nxd4 Nb6 14. cxb5 cxb5 15. Bb2 Nxa4 16. Nxa4 bxa4 17. Qxa4 Bb7 18. f3 g6 19. Kh1 Nh5 20. Rec1 Qb6 21. Qa5 Bd8 22. Qxb6 Bxb6 23. Nb3 d5 24. e5 Nf4 25. Na5 Bc8 26. Rd1 Be6 27. Rbc1 g5 28. Rc6 Reb8 29. Bd4 Bxd4 30. Rxd4 Ng6 31. Rxa6 Nxe5 32. Kg1 Rxa6 33. Bxa6 Rb6 1/2-1/2

[Event "Seefeld op 10th"]
[Site "Seefeld"]
[Date "1999.09.18"]
[Round "8"]
[White "Bagaturov, Giorgi"]
[Black "Malaniuk, Vladimir P"]
[Result "0-1"]
[WhiteElo "2532"]
[BlackElo "2525"]
[PlyCount "66"]
[EventDate "1999.09.11"]
[Source "www.chesslib.no"]
[SourceDate "2004.05.04"]

1. d4 Nf6 2. c4 d6 3. Nf3 Nbd7 4. Nc3 c6 5. e4 e5 6. Be2 Be7 7. O-O O-O 8. Re1 a6 9. Rb1 Re8 10. Bf1 Qc7 11. h3 b5 12. a3 Bb7 13. cxb5 cxb5 14. d5 Nb6 15. Be3 Nc4 16. Bxc4 Qxc4 17. Nd2 Qc7 18. Rc1 Qb8 19. Nf1 Bc8 20. Ng3 Bd8 21. Qd2 Bd7 22. f4 Bb6 23. Kh2 Bxe3 24. Qxe3 exf4 25. Qxf4 Re5 26. Rcd1 Qe8 27. Re2 Rc8 28. Rf1 a5 29. Na2 b4 30. Rfe1 bxa3 31. bxa3 h5 32. Nc1 Rc3 33. Re3 Nxd5 0-1

[Event "Giessen"]
[Site "?"]
[Date "1994.??.??"]
[Round "?"]
[White "Kupreichik, V."]
[Black "Stangl, M."]
[Result "0-1"]
[WhiteElo "2515"]
[BlackElo "2540"]
[PlyCount "86"]
[EventDate "1994.??.??"]
[Source "ChessBase"]
[SourceDate "1994.02.01"]

1. e4 e5 2. Nf3 d6 3. d4 Nd7 4. c4 Ngf6 5. Nc3 Be7 6. Be2 O-O 7. O-O c6 8. Qc2 Re8 9. Rd1 Qc7 10. b4 a5 11. b5 Bf8 12. h3 exd4 13. Rxd4 Nc5 14. Ba3 Bd7 15. Rad1 cxb5 16. Nxb5 Bxb5 17. cxb5 Nfxe4 18. Bc4 h6 19. Nh4 Nf6 20. Bb3 Ne6 21. Rc4 Qb6 22. Bb2 d5 23. Ra4 Rac8 24. Qf5 Be7 25. Re1 Rc5 26. Bxf6 Bxf6 27. Bc2 Rxc2 28. Qxc2 Qxb5 29. Nf5 Rd8 30. Rg4 Kf8 31. Nxh6 gxh6 32. Rxe6 fxe6 33. Qg6 Ke7 34. Qh7+ Kd6 35. Qxh6 Qb1+ 36. Kh2 Qf5 37. Qd2 Rc8 38. f4 b6 39. Qe3 d4 40. Qb3 Rc6 41. Qa3+ Rc5 42. Qb3 b5 43. Qf3 d3 0-1

[Event "Moscow"]
[Site "Moscow"]
[Date "1989.??.??"]
[Round "?"]
[White "Krasenkov, M."]
[Black "Balashov, Y."]
[Result "1-0"]
[WhiteElo "2525"]
[BlackElo "2530"]
[PlyCount "95"]
[EventDate "1989.??.??"]
[Source "www.chesslib.no"]
[SourceDate "2004.05.04"]

1. d4 Nf6 2. c4 d6 3. Nc3 Nbd7 4. e4 e5 5. Nf3 Be7 6. Be2 c6 7. O-O O-O 8. Qc2 a6 9. Rd1 Qc7 10. d5 Rb8 11. Ne1 Re8 12. Be3 Nf8 13. b4 cxd5 14. exd5 Ng4 15. Bxg4 Bxg4 16. f3 Bh5 17. c5 Bg6 18. Qd2 Qd7 19. Nd3 Rbc8 20. cxd6 Bxd6 21. Nc5 Qe7 22. N3e4 Bxe4 23. fxe4 Rc7 24. Rac1 Rec8 25. a3 Nd7 26. Nxb7 Nf6 27. Rxc7 Rxc7 28. Nxd6 Qxd6 29. Bc5 Qd7 30. Re1 h6 31. Qb2 Qe8 32. h3 Nd7 33. Rc1 Qb8 34. Qe2 Qc8 35. Kh2 a5 36. Qg4 axb4 37. axb4 g6 38. Qh4 h5 39. d6 Rb7 40. Qe7 Qf8 41. Qxf8+ Kxf8 42. Be3 Rxb4 43. Rc7 Nf6 44. Bc5 Rb8 45. d7+ Kg7 46. Be7 Nxd7 47. Rxd7 Rb6 48. Bd6 1-0

[Event "Aschach Donau (open)"]
[Site "?"]
[Date "2003.12.28"]
[Round "4"]
[White "Krivoshey Sergey"]
[Black "Stanec Nikolaus"]
[Result "1/2-1/2"]
[WhiteElo "2495"]
[BlackElo "2557"]
[PlyCount "20"]
[EventDate "2003.??.??"]
[Source "www.chesslib.no"]
[SourceDate "2004.05.04"]

1. Nf3 Nf6 2. c4 d6 3. d4 Nbd7 4. Nc3 e5 5. e4 Be7 6. Be2 O-O 7. O-O c6 8. Be3 Ng4 9. Bd2 a6 10. b4 b5 1/2-1/2

[Event "Novgorod op"]
[Site "Novgorod"]
[Date "1999.03.21"]
[Round "3"]
[White "Kharitonov, Andrei Y"]
[Black "Prokopchuk, Evgeny"]
[Result "1-0"]
[WhiteElo "2562"]
[BlackElo "2489"]
[PlyCount "117"]
[EventDate "1999.03.19"]
[Source "ChessBase"]
[SourceDate "1999.05.10"]

1. d4 Nf6 2. Nf3 d6 3. c4 Nbd7 4. Nc3 e5 5. e4 Be7 6. Be2 O-O 7. O-O c6 8. Be3 a6 9. d5 cxd5 10. cxd5 Ne8 11. Rc1 g6 12. Nd2 Bg5 13. Bxg5 Qxg5 14. Nc4 Rb8 15. b4 Ndf6 16. Qd3 Bg4 17. Qg3 h5 18. h4 Qh6 19. Bd3 Rc8 20. Qe3 Qxe3 21. Nxe3 b5 22. Nb1 Ng7 23. f3 Bd7 24. Nd2 Rxc1 25. Rxc1 Rc8 26. Rxc8+ Bxc8 27. a4 Bd7 28. axb5 axb5 29. Nb1 Nfe8 30. Nc3 Nc7 31. Nc2 Nge8 32. Na3 Na6 33. Bxb5 Bxb5 34. Ncxb5 Nxb4 35. Nc4 Kf8 36. Nbxd6 Nxd6 37. Nxd6 Ke7 38. Nc4 Nd3 39. Kf1 f5 40. Ke2 Nf4+ 41. Kf2 Kf6 42. Nb2 fxe4 43. fxe4 g5 44. g3 Ng6 45. hxg5+ Kxg5 46. Nc4 Kf6 47. Ne3 Nf8 48. Nd1 Kg5 49. Kf3 Nd7 50. Nf2 Nc5 51. d6 Kf6 52. Kg2 Ke6 53. Kh3 Kxd6 54. Kh4 Ke7 55. Kxh5 Ne6 56. Kg6 Nd4 57. g4 Ke6 58. g5 Nf3 59. Kh6 1-0

[Event "2nd IECC, Ohrid MKD"]
[Site "?"]
[Date "2001.??.??"]
[Round "3"]
[White "Kruppa, Y."]
[Black "Djuric, S."]
[Result "0-1"]
[WhiteElo "2570"]
[BlackElo "2480"]
[PlyCount "78"]
[EventDate "2001.??.??"]
[Source "www.chesslib.no"]
[SourceDate "2004.05.04"]

1. d4 Nf6 2. c4 d6 3. Nc3 Nbd7 4. e4 e5 5. Nf3 Be7 6. Be2 O-O 7. O-O c6 8. Qc2 Qc7 9. b3 a6 10. Bb2 Re8 11. Rac1 Qb8 12. Rfe1 Bd8 13. Bf1 exd4 14. Nxd4 Ne5 15. Kh1 Bb6 16. Na4 Ba7 17. f4 Neg4 18. h3 Nxe4 19. hxg4 d5 20. g3 Bxg4 21. Kg2 Qd6 22. Be2 Qg6 23. Qd3 Bh3+ 24. Kh2 Qh6 25. Kg1 dxc4 26. bxc4 b5 27. Bf3 Nxg3 28. Bxc6 Nf5 29. c5 Qxf4 30. Qxh3 Nxd4 31. Qg2 Rxe1+ 32. Rxe1 Rd8 33. Nb6 Nf5 34. Bd7 g6 35. Bf6 Nh4 36. Rf1 Qxf6 37. Qg4 Qe7 38. Nd5 Qxc5+ 39. Kh2 Qxd5 0-1

[Event "Tel Aviv ASA"]
[Site "Tel Aviv"]
[Date "1995.??.??"]
[Round "8"]
[White "Lev, Ronen"]
[Black "Golod, Vitali"]
[Result "1/2-1/2"]
[WhiteElo "2505"]
[BlackElo "2545"]
[PlyCount "30"]
[EventDate "1995.??.??"]
[Source "ChessBase"]

1. d4 Nf6 2. c4 d6 3. Nc3 e5 4. Nf3 Nbd7 5. e4 g6 6. d5 Bg7 7. h3 Nc5 8. Qc2 a5 9. Bg5 b6 10. O-O-O Bd7 11. Be2 Qe7 12. Nd2 h6 13. Be3 h5 14. Nb5 Bxb5 15. cxb5 Bh6 1/2-1/2

[Event "300 Years"]
[Site "St Petersburg"]
[Date "2003.10.18"]
[Round "1"]
[White "Lastin, Alexander"]
[Black "Matjushin, Gennady"]
[Result "1-0"]
[WhiteElo "2634"]
[BlackElo "2416"]
[PlyCount "93"]
[EventDate "2003.10.18"]
[Source "Roberto Alvarez"]
[SourceDate "2003.10.27"]

1. d4 Nf6 2. c4 d6 3. Nc3 Nbd7 4. e4 c6 5. Nf3 e5 6. Be2 Be7 7. O-O O-O 8. Be3 a6 9. d5 cxd5 10. cxd5 b5 11. Nd2 Qc7 12. a3 Nb6 13. Rc1 Qb8 14. Na2 Bd7 15. Nb4 Rc8 16. Rxc8+ Nxc8 17. Qc2 Bd8 18. Rc1 Bb6 19. Bxb6 Qxb6 20. Qc7 Kf8 21. g3 Ra7 22. Qxb6 Nxb6 23. f4 Ne8 24. fxe5 dxe5 25. Nd3 f6 26. Nc5 Ke7 27. Kf2 Rc7 28. b4 Nd6 29. g4 Bc8 30. h3 g6 31. Bd3 f5 32. gxf5 gxf5 33. Rg1 Kf8 34. h4 Rf7 35. Ke2 fxe4 36. Ndxe4 Nf5 37. Ng5 Nd4+ 38. Ke3 Nxd5+ 39. Ke4 Nc3+ 40. Kxe5 Nf3+ 41. Nxf3 Rxf3 42. Bxh7 Kf7 43. Bg6+ Ke7 44. h5 Ne2 45. Rg2 Re3+ 46. Be4 Ng3 47. Kf4 1-0

[Event "Jugoslavija (ch)"]
[Site "?"]
[Date "2000.??.??"]
[Round "?"]
[White "Ilincic, Z."]
[Black "Tosic, M."]
[Result "1-0"]
[WhiteElo "2550"]
[BlackElo "2500"]
[PlyCount "135"]
[EventDate "2000.??.??"]
[Source "Chess Informant"]
[SourceDate "2000.02.01"]

1. d4 Nf6 2. c4 d6 3. Nc3 c6 4. e4 Nbd7 5. Nf3 e5 6. Be2 Be7 7. O-O O-O 8. Be3 Re8 9. d5 c5 10. Ne1 Nf8 11. Nd3 Ng6 12. a3 Bd7 13. b4 b6 14. Rb1 Rf8 15. bxc5 bxc5 16. Nxc5 dxc5 17. d6 Qa5 18. dxe7 Nxe7 19. Qd6 Qxc3 20. Qxe7 Qc2 21. Rfe1 Rfe8 22. Qd6 Rad8 23. f3 Bg4 24. Qc6 Rc8 25. Qb7 Be6 26. Qb3 Qxb3 27. Rxb3 Rc7 28. Reb1 Nd7 29. Rb7 Rec8 30. a4 Nb6 31. Rxc7 Rxc7 32. a5 Nd7 33. Kf2 Kf8 34. Ke1 Ke7 35. Kd2 Kd8 36. Kc3 Rc6 37. Bd1 Ra6 38. Rb5 Kc8 39. Ba4 Kc7 40. g3 f6 41. f4 h6 42. Bd1 Kd6 43. Bh5 Rc6 44. f5 Bg8 45. Be8 a6 46. Rb7 Rc7 47. Rxc7 Kxc7 48. g4 Bh7 49. h3 Kd8 50. Bxd7 Kxd7 51. Bxc5 g6 52. Bf8 h5 53. Bg7 hxg4 54. hxg4 gxf5 55. gxf5 Ke7 56. c5 Bg8 57. c6 Ba2 58. Bxf6+ Kd6 59. Bxe5+ Kxc6 60. Kd4 Bb1 61. Bg3 Kd7 62. Ke5 Ke7 63. Kf4 Bc2 64. e5 Bb3 65. Bh4+ Kf7 66. Ke3 Ba2 67. Kd4 Bb3 68. Kc5 1-0

[Event "It, Ljubljana SLO"]
[Site "Ljubljana"]
[Date "1997.??.??"]
[Round "?"]
[White "Atalik, S."]
[Black "Vukic, M."]
[Result "1/2-1/2"]
[WhiteElo "2555"]
[BlackElo "2490"]
[PlyCount "59"]
[EventDate "1997.??.??"]
[Source "www.chesslib.no"]
[SourceDate "2004.05.04"]

1. d4 Nf6 2. c4 d6 3. Nf3 Nbd7 4. Nc3 e5 5. e4 c6 6. Be2 Be7 7. O-O O-O 8. Qc2 a6 9. Rd1 Qc7 10. Bg5 Re8 11. Bh4 Nf8 12. c5 exd4 13. cxd6 Bxd6 14. Rxd4 Ng4 15. Bg3 Bxg3 16. hxg3 Qe7 17. Qd2 Ng6 18. Rd1 Nf6 19. b4 b5 20. a4 a5 21. e5 Nxe5 22. Nxe5 Qxe5 23. Bf3 axb4 24. Nxb5 Bg4 25. Bxg4 cxb5 26. Bf3 Rxa4 27. Bc6 Rf8 28. Rxb4 Rxb4 29. Qxb4 g6 30. Qxb5 1/2-1/2

[Event "Dubai (ol)"]
[Site "?"]
[Date "1986.??.??"]
[Round "?"]
[White "Fernandez Garcia, J."]
[Black "Christiansen, L."]
[Result "1/2-1/2"]
[WhiteElo "2485"]
[BlackElo "2560"]
[PlyCount "29"]
[EventDate "1986.??.??"]
[Source "ChessBase"]
[SourceDate "1986.07.01"]

1. e4 c6 2. c4 e5 3. Nf3 d6 4. d4 Nd7 5. Nc3 Ngf6 6. Be2 Be7 7. O-O O-O 8. Qc2 a6 9. Rd1 Qc7 10. h3 b5 11. a3 Bb7 12. Be3 Rfe8 13. cxb5 cxb5 14. d5 Rec8 15. Rac1 1/2-1/2

[Event "RUS-chT"]
[Site "Orel"]
[Date "1996.??.??"]
[Round "?"]
[White "Gleizerov, Evgeny"]
[Black "Dyachkov, Sergej"]
[Result "1/2-1/2"]
[WhiteElo "2540"]
[BlackElo "2505"]
[PlyCount "23"]
[EventDate "1996.??.??"]
[Source "www.chesslib.no"]
[SourceDate "2004.05.04"]

1. d4 Nf6 2. c4 d6 3. Nf3 Nbd7 4. Nc3 c6 5. e4 e5 6. Be2 Be7 7. O-O O-O 8. d5 a6 9. Be3 cxd5 10. cxd5 Ng4 11. Bd2 b5 12. Ne1 1/2-1/2

[Event "Cheliabinsk-A"]
[Site "Cheliabinsk"]
[Date "1991.??.??"]
[Round "?"]
[White "Ulibin, Mikhail"]
[Black "Ikonnikov, Vyacheslav"]
[Result "1/2-1/2"]
[WhiteElo "2565"]
[BlackElo "2480"]
[PlyCount "103"]
[EventDate "1991.12.??"]
[Source "www.chesslib.no"]
[SourceDate "2004.05.04"]

1. d4 Nf6 2. c4 d6 3. Nc3 Nbd7 4. Nf3 e5 5. e4 Be7 6. Be2 O-O 7. O-O c6 8. d5 a6 9. Be3 cxd5 10. cxd5 Ng4 11. Bd2 b5 12. Ne1 Ngf6 13. Nd3 Nb6 14. Nb4 Bd7 15. Rc1 a5 16. Nc6 Bxc6 17. dxc6 b4 18. Nb5 Nxe4 19. Be3 Qb8 20. Bf3 d5 21. c7 Qe8 22. Bxe4 dxe4 23. c8=Q Rxc8 24. Nc7 Qa4 25. Bxb6 Qxa2 26. Nd5 Bg5 27. Rxc8 Rxc8 28. Qg4 Rf8 29. Qxe4 Qxb2 30. Bxa5 b3 31. Bc3 Qc2 32. Qxe5 f6 33. Qe6+ Kh8 34. Qd6 Ra8 35. f4 Bh4 36. g3 h5 37. gxh4 Qg6+ 38. Kh1 Qe4+ 39. Kg1 Qg6+ 40. Kf2 Qc2+ 41. Ke3 b2 42. Qc6 Rb8 43. Kd4 b1=Q 44. Rxb1 Qxb1 45. Kc5 Qf5 46. Qd6 Re8 47. Kb5 Kh7 48. Kc5 Kh8 49. Kc4 Qe4+ 50. Kc5 Qf5 51. Kc4 Qe4+ 52. Kc5 1/2-1/2

[Event "TCh-BIH"]
[Site "Jahorina"]
[Date "2003.06.26"]
[Round "8"]
[White "Kurajica, Bojan"]
[Black "Vukic, Milan"]
[Result "1-0"]
[WhiteElo "2551"]
[BlackElo "2491"]
[PlyCount "83"]
[EventDate "2003.06.21"]
[Source "Roberto Alvarez"]
[SourceDate "2003.07.07"]

1. d4 Nf6 2. Nf3 d6 3. g3 Nbd7 4. Bg2 e5 5. c4 c6 6. O-O Be7 7. Nc3 O-O 8. e4 a6 9. h3 b5 10. c5 dxc5 11. Nxe5 Nxe5 12. dxe5 Nd7 13. f4 c4 14. Be3 Bc5 15. Bf2 Qe7 16. Ne2 Rd8 17. Qe1 Bxf2+ 18. Qxf2 Nc5 19. Rfd1 Bb7 20. Qe3 g6 21. Kh2 a5 22. Rd2 Rxd2 23. Qxd2 a4 24. Rd1 a3 25. Nc1 axb2 26. Qxb2 Na4 27. Qf2 Qc5 28. Qf3 Re8 29. h4 Qe7 30. Rd6 c5 31. h5 Bc8 32. Bf1 Kh8 33. Be2 Rd8 34. Rxd8+ Qxd8 35. f5 gxf5 36. exf5 Qg5 37. e6 Qxc1 38. Qc6 Bxe6 39. fxe6 fxe6 40. Qe8+ Kg7 41. Qe7+ Kg8 42. Bg4 1-0

[Event "Capablanca mem-A"]
[Site "Cuba"]
[Date "1993.??.??"]
[Round "12"]
[White "Gonzalez, Juan Carlos"]
[Black "Zapata, Alonso"]
[Result "0-1"]
[WhiteElo "2460"]
[BlackElo "2580"]
[PlyCount "72"]
[EventDate "1993.??.??"]
[Source "ChessBase"]

1. d4 Nf6 2. c4 d6 3. Nc3 Nbd7 4. Nf3 c6 5. e4 e5 6. Be2 Be7 7. O-O O-O 8. Re1 Re8 9. Bf1 Bf8 10. d5 a5 11. Qc2 Qc7 12. Be3 Ng4 13. Bg5 Be7 14. Bd2 Nc5 15. h3 Nf6 16. Rec1 Bd7 17. Be3 cxd5 18. cxd5 Rec8 19. Qb1 Qb8 20. Bxc5 Rxc5 21. a4 Bd8 22. Bb5 Bb6 23. Bxd7 Nxd7 24. Nb5 Qd8 25. Nxd6 Rxc1+ 26. Qxc1 Nc5 27. Nxf7 Kxf7 28. Nxe5+ Kg8 29. Qc4 Qd6 30. Nf3 Nd7 31. Qb5 Rf8 32. Ra3 Bc5 33. Rc3 b6 34. Kf1 Ne5 35. Qe2 h6 36. Nxe5 Qxe5 0-1

[Event "MK Cafe Cup-A"]
[Site "Koszalin"]
[Date "1998.08.07"]
[Round "5"]
[White "Tukmakov, Vladimir B"]
[Black "Pedzich, Dominik"]
[Result "0-1"]
[WhiteElo "2605"]
[BlackElo "2435"]
[PlyCount "106"]
[EventDate "1998.08.03"]
[Source "ChessBase"]
[SourceDate "1998.09.09"]

1. d4 Nf6 2. c4 d6 3. Nf3 Nbd7 4. Nc3 c6 5. e4 e5 6. Be2 Be7 7. O-O O-O 8. Qc2 Re8 9. Rd1 Qc7 10. Be3 a6 11. Rab1 b5 12. b4 Bb7 13. h3 exd4 14. Bxd4 Rac8 15. Nd2 c5 16. bxc5 Nxc5 17. cxb5 Ne6 18. b6 Qb8 19. Bxf6 Bxf6 20. Bc4 Nf4 21. Nd5 Bxd5 22. exd5 Ne2+ 23. Kh1 Nc3 24. Bxa6 Rc5 25. Nb3 Nxd1 26. Qxd1 Qxb6 27. Nxc5 Qxc5 28. Qd2 g6 29. a4 Kg7 30. Rc1 Qa3 31. Bb5 Re4 32. Qc2 Be5 33. Rb1 Rd4 34. Bc6 h5 35. Kg1 Rd3 36. Kf1 Rc3 37. Qd2 Qc5 38. Rd1 Qc4+ 39. Qe2 Qf4 40. Qd2 Qh2 41. f3 Rb3 42. Qf2 Rb2 43. Qg1 Qf4 44. Bb5 Rxb5 45. axb5 Qc4+ 46. Kf2 Bd4+ 47. Rxd4 Qxd4+ 48. Kf1 Qc4+ 49. Ke1 Qc1+ 50. Kf2 Qc5+ 51. Kf1 Qxb5+ 52. Ke1 Qb1+ 53. Kf2 Qxg1+ 0-1

[Event "Ekorex Cup B CZ"]
[Site "Ekorex Cup B Lazne Bohdanec C"]
[Date "1996.??.??"]
[Round "10"]
[White "Vokac, Marek"]
[Black "Movsesian, Sergei"]
[Result "1/2-1/2"]
[WhiteElo "2455"]
[BlackElo "2580"]
[PlyCount "64"]
[EventDate "1996.??.??"]
[Source "www.chesslib.no"]
[SourceDate "2004.05.04"]

1. d4 Nf6 2. c4 d6 3. Nc3 Nbd7 4. Nf3 e5 5. e4 g6 6. h3 exd4 7. Nxd4 Bg7 8. Bd3 O-O 9. O-O Re8 10. Bc2 Nc5 11. Re1 c6 12. Nf3 Be6 13. Bf4 Bf8 14. b3 Nh5 15. Bg5 Qa5 16. Bd2 Qc7 17. Rc1 Bg7 18. Bb1 Rad8 19. Bg5 Rd7 20. Qd2 f6 21. Be3 Bf8 22. Bd4 Rf7 23. Qb2 Ng3 24. Ne2 Nd7 25. Rc2 Qb8 26. Nh4 d5 27. Be5 fxe5 28. Qd4 dxc4 29. fxg3 Bc5 30. Rf1 Rf3 31. Nf5 Be7 32. Rd2 Qd6 1/2-1/2

[Event "Nikolaev"]
[Site "Nikolaev"]
[Date "1983.??.??"]
[Round "?"]
[White "Rashkovsky, Nukhim N"]
[Black "Dorfman, Josif D"]
[Result "1/2-1/2"]
[WhiteElo "2495"]
[BlackElo "2540"]
[PlyCount "27"]
[EventDate "1983.??.??"]
[Source "www.chesslib.no"]
[SourceDate "2004.05.04"]

1. d4 Nf6 2. c4 d6 3. Nc3 e5 4. Nf3 Nbd7 5. e4 c6 6. Be2 Be7 7. O-O O-O 8. Re1 a6 9. Rb1 b5 10. b4 Qc7 11. a4 Bb7 12. Bg5 h6 13. Bh4 Rfe8 14. Bg3 1/2-1/2

[Event "mem A.Alekhine Open Mo"]
[Site "?"]
[Date "1996.??.??"]
[Round "3"]
[White "Ivanov Victor L"]
[Black "Malaniuk Vladimir P"]
[Result "1/2-1/2"]
[WhiteElo "2450"]
[BlackElo "2585"]
[PlyCount "49"]
[EventDate "1996.??.??"]
[Source "www.chesslib.no"]
[SourceDate "2004.05.04"]

1. d4 Nf6 2. c4 d6 3. Nc3 Nbd7 4. e4 e5 5. Nf3 Be7 6. Be2 c6 7. O-O O-O 8. d5 a6 9. Be3 cxd5 10. cxd5 Ng4 11. Bd2 b5 12. b4 Nb6 13. h3 Nf6 14. Be3 Bd7 15. Nxe5 Bg4 16. Bf3 Nc8 17. Bd2 Bxh3 18. Qe1 Kh8 19. gxh3 Nxe4 20. Rc1 Ng5 21. Kh1 Qe8 22. Nc6 Na7 23. Nxe7 Ne4 24. a3 h5 25. Nf5 1/2-1/2

[Event "Ukrainian Games"]
[Site "Evpatoria (Ukraine)"]
[Date "2007.05.25"]
[Round "7"]
[White "Korobov Anton (UKR)"]
[Black "Matjushin Gennady (UKR)"]
[Result "1-0"]
[WhiteElo "2531"]
[BlackElo "2504"]
[PlyCount "103"]
[EventDate "2007.??.??"]
[Source "www.chesslib.no"]
[SourceDate "2004.05.04"]

1. d4 Nf6 2. c4 c6 3. Nc3 d6 4. Nf3 Nbd7 5. e4 e5 6. Be2 Be7 7. O-O a6 8. Qc2 O-O 9. Rd1 Qc7 10. Bg5 Re8 11. Rac1 h6 12. Bh4 Nf8 13. c5 exd4 14. cxd6 Bxd6 15. Rxd4 Ng4 16. Bg3 Bxg3 17. hxg3 Qe7 18. Qd2 Ne6 19. Rd6 Nc5 20. Re1 Be6 21. b4 Nd7 22. Rd1 Nf8 23. Nh4 g5 24. Bxg4 Bxg4 25. Nf5 Bxf5 26. exf5 Qe5 27. g4 Nh7 28. Qd4 Qxd4 29. R1xd4 Re1+ 30. Kh2 Rae8 31. f3 Ra1 32. Ne4 Rxa2 33. Rxh6 Re5 34. Rd7 Rb5 35. Rxf7 Kxf7 36. Rxh7+ Kf8 37. Nc3 Rc2 38. Nxb5 axb5 39. Rc7 Ke8 40. Kh3 Rc4 41. g3 Rc3 42. Kg2 Rc2+ 43. Kf1 Kd8 44. f6 Ke8 45. f4 gxf4 46. gxf4 Rc4 47. g5 Rxf4+ 48. Ke2 Rg4 49. Rg7 Kf8 50. Kf3 Rd4 51. Rxb7 Rd1 52. Kg4 1-0

[Event "It., Mataruska Banja YUG"]
[Site "?"]
[Date "1996.??.??"]
[Round "?"]
[White "Gyimesi, Z."]
[Black "Cabrilo, G."]
[Result "1-0"]
[WhiteElo "2545"]
[BlackElo "2490"]
[PlyCount "83"]
[EventDate "1996.??.??"]
[Source "www.chesslib.no"]
[SourceDate "2004.05.04"]

1. d4 Nf6 2. c4 d6 3. Nc3 Nbd7 4. e4 e5 5. Nf3 c6 6. Be2 Be7 7. O-O a6 8. Be3 b5 9. a3 O-O 10. h3 Bb7 11. Qc2 Qc7 12. Rac1 Rac8 13. b4 Rfe8 14. dxe5 Nxe5 15. Nxe5 dxe5 16. c5 Nd7 17. Rcd1 Nf8 18. f4 Rcd8 19. f5 Bf6 20. g3 Qe7 21. Qc1 h6 22. h4 a5 23. Rxd8 Rxd8 24. Rd1 Rd4 25. Qb1 g6 26. fxg6 Nxg6 27. Rf1 Bc8 28. h5 Nf8 29. Bxd4 exd4 30. Nd1 Bh3 31. Rf3 Nh7 32. Nf2 Bc8 33. bxa5 Ng5 34. Rxf6 Qxf6 35. a4 Qe5 36. Kg2 f5 37. axb5 Nxe4 38. Nxe4 fxe4 39. a6 Qe6 40. g4 cxb5 41. a7 Bb7 42. Qxb5 1-0

[Event "Moscow Alekhine op"]
[Site "Moscow"]
[Date "1996.??.??"]
[Round "3"]
[White "Ivanov, Victor L"]
[Black "Malaniuk, Vladimir P"]
[Result "1/2-1/2"]
[WhiteElo "2450"]
[BlackElo "2585"]
[PlyCount "49"]
[EventDate "1996.??.??"]
[Source "www.chesslib.no"]
[SourceDate "2004.05.04"]

1. d4 Nf6 2. c4 d6 3. Nc3 Nbd7 4. e4 e5 5. Nf3 Be7 6. Be2 c6 7. O-O O-O 8. d5 a6 9. Be3 cxd5 10. cxd5 Ng4 11. Bd2 b5 12. b4 Nb6 13. h3 Nf6 14. Be3 Bd7 15. Nxe5 dxe5 16. d6 Re8 17. dxe7 Rxe7 18. Qd2 Re6 19. Rfd1 Qb8 20. Rac1 Bc6 21. f3 Qb7 22. Bf1 Rc8 23. Qf2 Be8 24. a3 Rec6 25. Bxb6 1/2-1/2